Discographie de Blackpink - Statistiques

Statistiques générales
  • Ce quiz a été pris 41 fois
  • Le résultat moyen est 20 sur 32
Statistiques - réponses
Hint Réponse % Correct
2016 boombayah
92%
2016 whistle
85%
2022 pink venom
81%
2017 as if it's your last
77%
2020 ice cream
77%
2025 Jump
77%
2022 shut down
77%
2016 stay
77%
2020 how you like that
73%
2019 kick it
73%
2016 playing with fire
73%
2019 kill this love
69%
2022 typa girl
69%
2020 bet you wanna
65%
2018 ddu-du ddu-du
65%
2018 kiss and makeup
62%
2020 lovesick girls
62%
2020 pretty savage
62%
2018 really
62%
2022 tally
62%
2022 ready for love
58%
2022 the happiest girl
58%
2020 crazy over you
54%
2020 love to hate me
54%
2020 sour candy
54%
2023 the girls
54%
2018 forever young
50%
2022 yeah yeah yeah
46%
2020 you never know
46%
2019 don't know what to do
42%
2019 hope not
42%
2018 see you later
38%
Aucun quiz correspondant
Distribution des résultats
% des personnes avec chaque résultat
Percentile par nombre de réponses
Votre historique - résultats
Vous n’avez pas pris ce quiz